Memling
Uloženo v:
| Hlavní autor: | |
|---|---|
| Médium: | Kniha |
| Jazyk: | francouzština |
| Vydáno: |
París
Pierre Tisné
1939
|
| Témata: | |
| Tagy: |
Přidat tag
Žádné tagy, Buďte první, kdo vytvoří štítek k tomuto záznamu!
|
MARC
| LEADER | 00000nam a2200000 a 4500 | ||
|---|---|---|---|
| 001 | UCZ2425 | ||
| 003 | CL-VaPUC | ||
| 008 | 951005e19390000FR |||||||||||||||||fre|d | ||
| 082 | 0 | 4 | |a 759.949 |b BAZ |2 21 |
| 100 | 0 | |a Bazin, Germain |e author |9 346185 | |
| 245 | 1 | 0 | |a Memling |
| 300 | |a 116 p | ||
| 942 | |c BK | ||
| 945 | |d 19951005 00:00:00 |a rbrito | ||
| 260 | |a París |b Pierre Tisné |c 1939 | ||
| 600 | 0 | 7 | |a MEMLING, HANS |2 CL-VaPUC |9 346186 |
| 650 | 0 | |a Arte flamenco |9 346187 | |
| 650 | 0 | |a Pintura flamenca |9 319201 | |
| 650 | 7 | |a PINTORES FLAMENCO |2 CL-VaPUC |9 346188 | |
| 651 | 0 | |a Alemania |9 255688 | |
| 583 | |a last modification |c 19951005 00:00:00 |k Rodrigo Vera | ||
| 999 | |c 239026 |d 239024 | ||
| 952 | |0 0 |1 0 |4 0 |6 759_949000000000000_BAZ_1939 |7 0 |8 R |9 249807 |a BIBART |b BIBART |d 2019-11-18 |i 3139441 |o 759.949 BAZ 1939 |p 3139441 |r 2025-03-13 |w 2019-11-18 |y BK_R |k ART | ||